Spoločenská zodpovednosť firmy - argumenty pre a proti

Spoločenská zodpovednosť firmy (CSR) - vymedzenie pojmu. Oblasti spoločensky zodpovedného podnikania. Tripple bottom line - trojitá výsledovka. Možné prekážky prijatia konceptu CSR. Argumenty pre a proti CSR.

Na minha lista:
Detalhes bibliográficos
Autor principal: Setnická, Ivana
Formato: Capítulo de Livro
Idioma:eslovaco
Assuntos:
Tags: Adicionar Tag
Sem tags, seja o primeiro a adicionar uma tag!

MARC

LEADER 00000naa$a2200000$$$4500
001 0220180
005 20240502073624.2
041 0 |a slo 
044 |a SK 
245 1 0 |a Spoločenská zodpovednosť firmy - argumenty pre a proti  |c Ivana Setnická 
520 |a Spoločenská zodpovednosť firmy (CSR) - vymedzenie pojmu. Oblasti spoločensky zodpovedného podnikania. Tripple bottom line - trojitá výsledovka. Možné prekážky prijatia konceptu CSR. Argumenty pre a proti CSR. 
610 2 0 |a podnikanie zodpovedné 
610 2 0 |a zodpovednosť spoločenská 
610 2 0 |a firmy 
100 1 |a Setnická, Ivana